| 000 | 01083nam a22003018i 4500 | ||
|---|---|---|---|
| 999 |
_c1627 _d1627 |
||
| 001 | ocm000042247112 | ||
| 003 | CaOOAMICUS | ||
| 005 | 20230116113744.0 | ||
| 008 | 141128t20142013onca j 000 1 eng d | ||
| 020 | _a9781771470773 | ||
| 040 |
_aCaOONL _beng _erda _cCaOONL _dCaOL _dKH8 |
||
| 082 | _a843.92 MAN | ||
| 100 | 1 |
_aManceau, Édouard, _d1969- _eauthor. |
|
| 245 | 1 | 0 |
_aHatch, little egg / _cÉdouard Manceau ; translated by Karen Li. |
| 264 | 1 |
_aToronto : _bOwlkids Books Inc., _c2014. |
|
| 264 | 4 | _c©2013. | |
| 300 |
_a1 volume (unpaged) : _bcolour illustrations ; _c25 cm. |
||
| 336 |
_atext _2rdacontent. |
||
| 336 |
_astill image _2rdacontent. |
||
| 337 |
_aunmediated _2rdacontent. |
||
| 338 |
_avolume _2rdacarrier. |
||
| 500 | _aTranslation of: Le petit oiseau va sortir ... . | ||
| 520 | _aAs everyone rushes to see the little bird hatch from his egg, they are greeted by a surprise when a pig is inside the egg instead. | ||
| 650 | 0 |
_aBirds _vJuvenile fiction. |
|
| 650 | 0 |
_aEggs _vJuvenile fiction. |
|
| 650 | 0 |
_aSwine _vJuvenile fiction. |
|
| 942 |
_2ddc _cNFIC |
||